Многомерные электромеханические системы: межвузовский сборник

Xehetasun bibliografikoak
Erakunde egilea: Северо-Западный заочный политехнический институт (СЗПИ)
Hizkuntza:errusiera
Argitaratua: Ленинград, [Б. и.], 1986
Gaiak:
Formatua: MixedMaterials Liburua
KOHA link:https://koha.lib.tpu.ru/cgi-bin/koha/opac-detail.pl?biblionumber=154680

MARC

LEADER 00000nam0a2200000 4500
001 154680
005 20231101221801.0
035 |a (RuTPU)RU\TPU\book\167775 
090 |a 154680 
100 |a 20090303d1986 km y0rusy50 ca 
101 0 |a rus 
102 |a RU 
105 |a a z 001zy 
200 1 |a Многомерные электромеханические системы   |e межвузовский сборник  |f Северо-Западный заочный политехнический институт (СЗПИ) 
210 |a Ленинград  |c [Б. и.]  |d 1986 
215 |a 158 с.  |c ил. 
320 |a Библиография в конце статей 
606 1 |a Электроавтоматика  |2 stltpush  |3 (RuTPU)RU\TPU\subj\19710  |9 44883 
610 1 |a многомерные системы 
610 1 |a электромеханические системы 
610 1 |a сборники 
675 |a 681.527  |v 3 
712 0 2 |a Северо-Западный заочный политехнический институт (СЗПИ)  |c (Ленинград)  |2 stltpush  |3 (RuTPU)RU\TPU\col\2602 
801 1 |a RU  |b 63413507  |c 20090303  |g PSBO 
801 2 |a RU  |b 63413507  |c 20141002  |g PSBO 
942 |c BK